[Event "Europa ch 2014"]
[Site "Yerevan ARM"]
[Date "2014.03.08"]
[Round "6.69"]
[White "Prizant, Jaroslav"]
[Black "Bulmaga, Irina"]
[Result "1-0"]
[WhiteElo "2534"]
[BlackElo "2375"]
[PlyCount "81"]
[EventDate "2014.03.03"]
[EventType "swiss"]
[EventRounds "11"]
[EventCountry "ARM"]
[Source "lmi"]
[SourceDate "2014.03.02"]

1. d4 Nf6 2. c4 e6 3. Nf3 b6 4. e3 Bb7 5. Bd3 d5 6. cxd5 exd5 7. Nc3 Bd6 8. O-O
O-O 9. b3 a6 10. Bb2 Nbd7 11. Rc1 Qe7 12. Re1 Ne4 13. Bf1 Rae8 14. g3 f5 15.
Bg2 Rf6 16. Ne5 Nxc3 17. Bxc3 Nxe5 18. dxe5 Bxe5 19. Bxd5+ Bxd5 20. Qxd5+ Rf7
21. Red1 Bxc3 22. Rxc3 Qe4 23. Qxe4 fxe4 24. b4 g5 25. Rdc1 Ree7 26. Kg2 Rd7
27. R1c2 h5 28. Ra3 h4 29. Rxa6 Kg7 30. a4 Kg6 31. a5 Rd6 32. Ra8 bxa5 33. bxa5
Rff6 34. Rg8+ Kh6 35. gxh4 gxh4 36. Rg4 Kh5 37. Rc5+ Kh6 38. Rxh4+ Kg6 39. Rc2
Rd5 40. Rxe4 Rxa5 41. Rec4 1-0

[Event "Europa ch 2014"]
[Site "Yerevan ARM"]
[Date "2014.03.08"]
[Round "6.70"]
[White "Oparin, Grigoriy"]
[Black "Kozlitin, Roman"]
[Result "1-0"]
[WhiteElo "2526"]
[BlackElo "2365"]
[PlyCount "155"]
[EventDate "2014.03.03"]
[EventType "swiss"]
[EventRounds "11"]
[EventCountry "ARM"]
[Source "lmi"]
[SourceDate "2014.03.02"]

1. e4 e5 2. Nf3 Nc6 3. Bb5 a6 4. Ba4 Nf6 5. O-O Be7 6. Re1 b5 7. Bb3 O-O 8. a4
Rb8 9. axb5 axb5 10. Nc3 d6 11. Nd5 Nxd5 12. Bxd5 Nb4 13. Bb3 c5 14. d3 Bg4 15.
c3 Nc6 16. h3 Be6 17. Bxe6 fxe6 18. Nh2 c4 19. Qg4 Qc8 20. Rd1 Kh8 21. dxc4
bxc4 22. Qe2 Nd8 23. Ra4 Qc5 24. Be3 Qc6 25. Rxc4 Qa6 26. Rd2 Nc6 27. Nf3 d5
28. Rxc6 Qxc6 29. Nxe5 Qc7 30. Qh5 Kg8 31. Bd4 Bd6 32. Re2 dxe4 33. Qg4 Rfe8
34. Qxe4 Ra8 35. Re1 Bc5 36. Nf3 Bxd4 37. Nxd4 Ra6 38. g3 Rb6 39. Re2 Qc4 40.
Qe5 Ra6 41. h4 Qd3 42. Kg2 Qg6 43. b4 Qf6 44. Qe4 e5 45. b5 Ra4 46. Qd5+ Kh8
47. Nf3 e4 48. Ng5 h6 49. Rxe4 Raxe4 50. Nxe4 Qe5 51. Qxe5 Rxe5 52. Nd6 Rd5 53.
Nf7+ Kg8 54. c4 Rd2 55. Ne5 Rb2 56. Kf3 Kf8 57. Ke3 Ke7 58. h5 Rc2 59. g4 Kd6
60. f4 Kc5 61. Ke4 Ra2 62. Kf5 Kd4 63. b6 Rb2 64. c5 Rb5 65. Kg6 Kxc5 66. Kxg7
Kd5 67. Kxh6 Rxb6+ 68. Kg5 Ke4 69. h6 Rb7 70. Ng6 Rf7 71. f5 Kd5 72. Nf4+ Ke5
73. Ne6 Ra7 74. Kg6 Ra1 75. h7 Rh1 76. Kg7 Rh4 77. h8=Q Rxg4+ 78. Kf7+ 1-0

[Event "Europa ch 2014"]
[Site "Yerevan ARM"]
[Date "2014.03.08"]
[Round "6.71"]
[White "Chighladze, Iveri"]
[Black "Neverov, Valeriy"]
[Result "1/2-1/2"]
[WhiteElo "2365"]
[BlackElo "2508"]
[PlyCount "74"]
[EventDate "2014.03.03"]
[EventType "swiss"]
[EventRounds "11"]
[EventCountry "ARM"]
[Source "lmi"]
[SourceDate "2014.03.02"]

1. d4 Nf6 2. c4 g6 3. Nc3 d5 4. Nf3 Bg7 5. Bf4 c6 6. e3 O-O 7. Bd3 Bg4 8. h3
Bxf3 9. Qxf3 e6 10. O-O Nbd7 11. cxd5 Nxd5 12. Nxd5 exd5 13. Rab1 Nb6 14. Rfc1
Re8 15. b4 a6 16. Qd1 Bf8 17. a4 Bd6 18. Bxd6 Qxd6 19. g3 Kg7 20. Kg2 h5 21. h4
Re6 22. Be2 Rh8 23. Qc2 Ra8 24. Qb3 Nc8 25. Ra1 Ne7 26. Bd3 Rf6 27. Qc3 Qd7 28.
Rf1 Nf5 29. Bxf5 Qxf5 30. f3 g5 31. hxg5 Qxg5 32. Rh1 Re8 33. Rae1 Qf5 34. Ref1
Rg6 35. Qd2 Qg5 36. Qf2 h4 37. g4 f5 1/2-1/2

[Event "Europa ch 2014"]
[Site "Yerevan ARM"]
[Date "2014.03.08"]
[Round "6.72"]
[White "Beradze, Irakli"]
[Black "Quparadze, Giga"]
[Result "0-1"]
[WhiteElo "2364"]
[BlackElo "2507"]
[PlyCount "146"]
[EventDate "2014.03.03"]
[EventType "swiss"]
[EventRounds "11"]
[EventCountry "ARM"]
[Source "lmi"]
[SourceDate "2014.03.02"]

1. e4 c5 2. Nf3 e6 3. d4 cxd4 4. Nxd4 a6 5. Nc3 b5 6. Bd3 Qb6 7. Nf3 Nc6 8. O-O
Nge7 9. Re1 Ng6 10. a4 Bc5 11. Qe2 b4 12. Nd1 d6 13. Qf1 O-O 14. Ne3 a5 15. Nc4
Qc7 16. Be3 Bxe3 17. Nxe3 Bb7 18. Rac1 Rac8 19. c3 bxc3 20. Rxc3 Qb8 21. Bb5
Nb4 22. Nd2 d5 23. exd5 Nxd5 24. Nxd5 Bxd5 25. Nc4 Nh4 26. f3 Nf5 27. Ne3 Nxe3
28. Rexe3 h5 29. Qe1 Qf4 30. Rxc8 Rxc8 31. Rc3 Rd8 32. Rd3 Rc8 33. Rc3 Rb8 34.
Qc1 Qd4+ 35. Qe3 Qb4 36. Qe5 Rf8 37. Qxh5 Qd4+ 38. Kf1 Qd1+ 39. Kf2 Qd2+ 40.
Kg1 Qxb2 41. Qe5 Qa1+ 42. Kf2 Bb3 43. Re3 Qxe5 44. Rxe5 Rc8 45. Be2 Bd5 46. Bb5
Kf8 47. h4 Ke7 48. Re3 Kd6 49. g4 Rc2+ 50. Kg3 f6 51. Kf4 Rg2 52. Rc3 e5+ 53.
Kf5 e4 54. fxe4 Be6+ 55. Kf4 Rxg4+ 56. Kf3 Rxh4 57. Rc6+ Ke5 58. Ra6 g5 59. Bc6
Rh3+ 60. Kg2 Rc3 61. Bd5 Bxd5 62. exd5 Rd3 63. Rxa5 Rxd5 64. Ra6 f5 65. Rb6
Rd2+ 66. Kg3 Rd3+ 67. Kf2 g4 68. a5 Ra3 69. a6 Kf4 70. Rf6 Kg5 71. Rb6 f4 72.
Kg2 Ra2+ 73. Kg1 Kh4 0-1

[Event "Europa ch 2014"]
[Site "Yerevan ARM"]
[Date "2014.03.08"]
[Round "6.74"]
[White "Nuber, Blasius"]
[Black "Popilski, Gil"]
[Result "1-0"]
[WhiteElo "2359"]
[BlackElo "2503"]
[PlyCount "73"]
[EventDate "2014.03.03"]
[EventType "swiss"]
[EventRounds "11"]
[EventCountry "ARM"]
[Source "lmi"]
[SourceDate "2014.03.02"]

1. e4 c5 2. c3 d6 3. d4 Nd7 4. Bd3 Ngf6 5. Ne2 e5 6. O-O Be7 7. Nd2 O-O 8. d5
Nh5 9. Nc4 b5 10. Ne3 c4 11. Bc2 a6 12. a4 Rb8 13. axb5 axb5 14. Nf5 Nc5 15.
Nxe7+ Qxe7 16. Be3 Qc7 17. f4 exf4 18. Nxf4 Nf6 19. Nh5 Ng4 20. Bd4 f6 21. Qd2
Ne5 22. Ng3 Bd7 23. Ra3 Rb7 24. Rfa1 Be8 25. Ra8 Bg6 26. Qf2 Rxa8 27. Rxa8+ Kf7
28. h4 h5 29. Bd1 Ned3 30. Qe3 Qe7 31. Nf5 Bxf5 32. exf5 Qxe3+ 33. Bxe3 g6 34.
Bh6 Ne5 35. Rf8+ Ke7 36. Rg8 gxf5 37. Bxh5 1-0

[Event "Europa ch 2014"]
[Site "Yerevan ARM"]
[Date "2014.03.08"]
[Round "6.75"]
[White "Morchiashvili, Bachana"]
[Black "Aghasaryan, Robert"]
[Result "0-1"]
[WhiteElo "2335"]
[BlackElo "2503"]
[PlyCount "138"]
[EventDate "2014.03.03"]
[EventType "swiss"]
[EventRounds "11"]
[EventCountry "ARM"]
[Source "lmi"]
[SourceDate "2014.03.02"]

1. d4 d5 2. c4 e6 3. Nf3 Nf6 4. Bg5 Be7 5. Nc3 h6 6. Bh4 O-O 7. e3 b6 8. Bd3
Bb7 9. O-O Nbd7 10. Bg3 c5 11. cxd5 Nxd5 12. Nxd5 Bxd5 13. Rc1 Bb7 14. Qe2 cxd4
15. Bc7 Qe8 16. Nxd4 Bc5 17. Nb3 Qe7 18. Rfd1 Rfc8 19. Bg3 Rd8 20. Bc7 Qg5 21.
g3 Rdc8 22. Bf4 Qf6 23. Ba6 Bxa6 24. Qxa6 Nf8 25. Nxc5 bxc5 26. b3 h5 27. Bd6
Nh7 28. Qe2 Ng5 29. Rc4 Qg6 30. Be7 f6 31. Qc2 Qf7 32. Rxc5 Re8 33. Bd6 Qb7 34.
Rc6 Nf3+ 35. Kf1 Rac8 36. Rc1 Qb5+ 37. Qe2 Nxh2+ 38. Ke1 Rxc6 39. Qxb5 Rxc1+
40. Ke2 Rd8 41. Qxh5 Rc2+ 42. Ke1 Rxa2 43. Qxh2 Rxd6 44. Qh5 Rd8 45. Kf1 Rad2
46. Qc5 R2d7 47. Kg2 Rb8 48. b4 Rdb7 49. b5 Rxb5 50. Qxa7 R8b7 51. Qa6 Kf7 52.
Qc6 Rb4 53. Qf3 R4b5 54. Qc6 Rb2 55. Qf3 R7b5 56. Qc6 Rf5 57. Qd6 Kg6 58. Qxe6
Rbxf2+ 59. Kh3 Rh5+ 60. Kg4 Re5 61. Qb6 Rg5+ 62. Kh3 Rh5+ 63. Kg4 Rg5+ 64. Kh3
Rf3 65. Qb1+ Kh6 66. Qb8 Rfxg3+ 67. Kh2 R3g4 68. Kh3 Kh7 69. Qb1+ f5 0-1

[Event "Europa ch 2014"]
[Site "Yerevan ARM"]
[Date "2014.03.08"]
[Round "6.76"]
[White "Raznikov, Danny"]
[Black "Kursova, Maria"]
[Result "1/2-1/2"]
[WhiteElo "2490"]
[BlackElo "2326"]
[PlyCount "61"]
[EventDate "2014.03.03"]
[EventType "swiss"]
[EventRounds "11"]
[EventCountry "ARM"]
[Source "lmi"]
[SourceDate "2014.03.02"]

1. d4 Nf6 2. c4 e6 3. Nc3 Bb4 4. e3 O-O 5. Bd3 d5 6. Nf3 c5 7. cxd5 exd5 8.
dxc5 Bg4 9. Be2 Nc6 10. O-O Bxc5 11. b3 a6 12. Bb2 Ba7 13. Nd4 Be6 14. Na4 Ne4
15. Nxc6 bxc6 16. Rc1 Qd6 17. Bd3 Bb8 18. f4 Bf5 19. Bd4 Ba7 20. Bxe4 Bxe4 21.
Rf2 Rfe8 22. Bxa7 Rxa7 23. Qd4 Rae7 24. Qb6 Qf6 25. h3 Qh4 26. Qd4 Bf5 27. Rf3
Be4 28. Rf2 Bf5 29. Rf3 Be4 30. Rf2 Bf5 31. Rf3 1/2-1/2

[Event "Europa ch 2014"]
[Site "Yerevan ARM"]
[Date "2014.03.08"]
[Round "6.77"]
[White "Jurcik, Marian"]
[Black "Sargissyan, Sargis"]
[Result "1/2-1/2"]
[WhiteElo "2481"]
[BlackElo "2242"]
[PlyCount "92"]
[EventDate "2014.03.03"]
[EventType "swiss"]
[EventRounds "11"]
[EventCountry "ARM"]
[Source "lmi"]
[SourceDate "2014.03.02"]

1. d4 Nf6 2. c4 g6 3. Nc3 Bg7 4. e4 d6 5. Nf3 O-O 6. Be2 e5 7. Be3 Nbd7 8. d5
Ng4 9. Bd2 Nc5 10. b4 Na6 11. h3 Nf6 12. a3 Nh5 13. Ng1 Nf4 14. Bf1 f5 15. g3
fxe4 16. Nxe4 Bf5 17. Qb1 c6 18. gxf4 cxd5 19. cxd5 Bxe4 20. Qxe4 exf4 21. Qb1
Qe8+ 22. Be2 f3 23. Nxf3 Rxf3 24. Ra2 Bd4 25. Kd1 Rxf2 26. Bg4 Nc7 27. Qd3 Be5
28. Rc2 Qf7 29. h4 Re8 30. h5 Qxd5 31. Qxd5+ Nxd5 32. hxg6 hxg6 33. Bd7 Re7 34.
Bb5 Nf6 35. Bd3 Kf7 36. Rg1 g5 37. Bxg5 Rxc2 38. Bxc2 Bd4 39. Bb3+ d5 40. Rf1
Kg6 41. Bh4 Re3 42. Bc2+ Kf7 43. Rf5 Rxa3 44. Bxf6 Bxf6 45. Rxd5 Ke6 46. Ra5
Rxa5 1/2-1/2

[Event "Europa ch 2014"]
[Site "Yerevan ARM"]
[Date "2014.03.08"]
[Round "6.79"]
[White "Khachatryan, Vahagn"]
[Black "Petenyi, Tamas"]
[Result "1/2-1/2"]
[WhiteElo "2278"]
[BlackElo "2468"]
[PlyCount "105"]
[EventDate "2014.03.03"]
[EventType "swiss"]
[EventRounds "11"]
[EventCountry "ARM"]
[Source "lmi"]
[SourceDate "2014.03.02"]

1. Nf3 Nf6 2. d4 g6 3. c4 Bg7 4. Nc3 O-O 5. Bg5 d6 6. e3 Nbd7 7. Be2 c5 8. O-O
a6 9. h3 b6 10. Re1 Bb7 11. d5 Qc7 12. e4 Rfe8 13. Bf4 Ne5 14. Bg3 Nxf3+ 15.
Bxf3 Nd7 16. Bg4 Ne5 17. Be2 b5 18. cxb5 axb5 19. Bxb5 Reb8 20. a4 c4 21. Bxe5
Bxe5 22. Qe2 Ba6 23. Bc6 Ra7 24. Nb5 Bxb5 25. axb5 c3 26. Rxa7 Qxa7 27. bxc3
Bxc3 28. Rc1 Bd4 29. Rc2 h5 30. h4 Be5 31. Qe3 Bd4 32. Qd3 Rc8 33. g3 Rc7 34.
Rd2 Bc5 35. Qb1 Qb6 36. Ra2 Ra7 37. Kg2 Bd4 38. Qc2 Kg7 39. Qe2 Rxa2 40. Qxa2
Qc5 41. Qe2 Qc3 42. Qf3 Qb2 43. Be8 Bf6 44. Qe3 Bd4 45. Qf4 Bf6 46. e5 dxe5 47.
Qc4 e4 48. d6 e3 49. Qxf7+ Kh8 50. Qf8+ Kh7 51. Qf7+ Kh8 52. Qf8+ Kh7 53. Qf7+
1/2-1/2

[Event "Europa ch 2014"]
[Site "Yerevan ARM"]
[Date "2014.03.08"]
[Round "6.81"]
[White "Sipila, Vilka"]
[Black "Gevorgyan, Maria"]
[Result "1-0"]
[WhiteElo "2457"]
[BlackElo "2180"]
[PlyCount "45"]
[EventDate "2014.03.03"]
[EventType "swiss"]
[EventRounds "11"]
[EventCountry "ARM"]
[Source "lmi"]
[SourceDate "2014.03.02"]

1. e4 e5 2. Nf3 Nf6 3. Nxe5 d6 4. Nf3 Nxe4 5. d4 d5 6. Bd3 Nc6 7. O-O Bg4 8. c4
Nf6 9. Nc3 Be7 10. cxd5 Nxd5 11. Be4 Be6 12. Qd3 Ncb4 13. Qb1 Rb8 14. a3 Nxc3
15. bxc3 Nd5 16. Bd2 Nb6 17. Ne5 h6 18. Bh7 Bf6 19. Re1 a6 20. Nxf7 Kxf7 21.
Bg6+ Kf8 22. Rxe6 Nd5 23. Qf5 1-0

[Event "Europa ch 2014"]
[Site "Yerevan ARM"]
[Date "2014.03.08"]
[Round "6.82"]
[White "Melia, Salome"]
[Black "Torosyan, Norayr"]
[Result "1-0"]
[WhiteElo "2453"]
[BlackElo "2216"]
[PlyCount "71"]
[EventDate "2014.03.03"]
[EventType "swiss"]
[EventRounds "11"]
[EventCountry "ARM"]
[Source "lmi"]
[SourceDate "2014.03.02"]

1. e4 c6 2. Nc3 d5 3. Nf3 Bg4 4. h3 Bxf3 5. Qxf3 e6 6. Be2 Nf6 7. O-O g6 8. d4
Bg7 9. Rd1 dxe4 10. Nxe4 Nxe4 11. Qxe4 O-O 12. Bf4 Nd7 13. c4 Qb6 14. Bd6 Rfe8
15. b4 e5 16. c5 Qxb4 17. Rab1 Qa4 18. Rxb7 exd4 19. Qf3 Qxa2 20. Rxd7 Rxe2 21.
Qxc6 Rae8 22. Qf3 a5 23. c6 Qe6 24. g3 Rc2 25. Qg2 f5 26. Rb1 Bh6 27. Rbb7 Qe4
28. c7 Rxf2 29. Qxf2 Qc6 30. Kh2 Qxd7 31. Rb8 d3 32. Qe1 Rc8 33. Qe7 Qxe7 34.
Bxe7 Kf7 35. Rxc8 Kxe7 36. Rd8 1-0

[Event "Europa ch 2014"]
[Site "Yerevan ARM"]
[Date "2014.03.08"]
[Round "6.83"]
[White "Aharon, Ofir"]
[Black "Nevednichy, Vladislav"]
[Result "0-1"]
[WhiteElo "2316"]
[BlackElo "2591"]
[PlyCount "164"]
[EventDate "2014.03.03"]
[EventType "swiss"]
[EventRounds "11"]
[EventCountry "ARM"]
[Source "lmi"]
[SourceDate "2014.03.02"]

1. e4 c5 2. Nf3 d6 3. d4 cxd4 4. Nxd4 Nf6 5. Nc3 Nc6 6. Bg5 e6 7. Qd2 a6 8.
O-O-O Bd7 9. f3 Be7 10. Be3 h5 11. Kb1 Rb8 12. h3 h4 13. Bg5 Qc7 14. f4 b5 15.
Bxf6 gxf6 16. Nxc6 Bxc6 17. Bd3 a5 18. Ne2 Qb6 19. Rhe1 a4 20. Ng1 b4 21. Nf3
Qc5 22. f5 e5 23. Qe3 Qxe3 24. Rxe3 Bd8 25. Bc4 Ke7 26. Bd5 Bb5 27. c4 bxc3 28.
Rxc3 Bb6 29. Bc6 Bc5 30. Bxb5 Rxb5 31. a3 Rhb8 32. Rd2 Rb3 33. Rxb3 Rxb3 34.
Re2 Bxa3 35. Nxh4 Bc5 36. Kc1 Be3+ 37. Kc2 d5 38. exd5 e4 39. g4 Kd6 40. Ng2
Bd4 41. Kc1 Kxd5 42. h4 Ke5 43. h5 Rh3 44. Kb1 e3 45. Ka2 Ke4 46. Ne1 Rh4 47.
Ka3 Rxg4 48. Rh2 Be5 49. Rh3 Bd6+ 50. Kxa4 Kxf5+ 51. Kb3 Rg3 52. Rh1 Bf4 53. h6
Rg8 54. h7 Rh8 55. Kc2 Kg6 56. Kd3 Bh6 57. Ng2 Rd8+ 58. Ke2 Rd2+ 59. Kf3 Kxh7
60. Nxe3 Kg6 61. Rg1+ Bg5 62. Rg2 Rd3 63. Re2 f5 64. Kf2 f4 65. Nc4 Bh4+ 66.
Kf1 f6 67. b4 Rc3 68. Nb2 Rb3 69. Rd2 f3 70. Rd4 Kg5 71. Nd1 f5 72. Kg1 Bg3 73.
Kf1 Rb1 74. Rd5 Rxb4 75. Ne3 Rb1+ 76. Rd1 Rb3 77. Nc4 Rc3 78. Nd6 Rc2 79. Nb5
Rh2 80. Kg1 f2+ 81. Kf1 Rh1+ 82. Ke2 Rxd1 0-1

[Event "Europa ch 2014"]
[Site "Yerevan ARM"]
[Date "2014.03.08"]
[Round "6.84"]
[White "Mastrovasilis, Athanasios"]
[Black "Rozhko, Dmitry"]
[Result "1/2-1/2"]
[WhiteElo "2554"]
[BlackElo "2335"]
[PlyCount "98"]
[EventDate "2014.03.03"]
[EventType "swiss"]
[EventRounds "11"]
[EventCountry "ARM"]
[Source "lmi"]
[SourceDate "2014.03.02"]

1. Nf3 d5 2. g3 Nf6 3. Bg2 c6 4. O-O Bg4 5. d3 Nbd7 6. Qe1 e5 7. e4 dxe4 8.
dxe4 Bc5 9. Nbd2 O-O 10. Nc4 Re8 11. Ne3 Bxf3 12. Bxf3 b5 13. a4 a6 14. Nf5 Bf8
15. Bd2 Nc5 16. Rd1 Ne6 17. Bg2 Qb8 18. a5 b4 19. Be3 Qb5 20. Bb6 c5 21. Ne3
Nd4 22. c3 Nb3 23. cxb4 cxb4 24. Nd5 Nxa5 25. Bxa5 Qxa5 26. Nxf6+ gxf6 27. Rd5
Qb6 28. Qd1 a5 29. Bh3 a4 30. Bf5 Red8 31. Rxd8 Rxd8 32. Qxa4 Rd2 33. Qb3 Qd4
34. Qf3 Rxb2 35. Kh1 Qd2 36. Qh5 h6 37. Qg4+ Qg5 38. Qf3 Rc2 39. h4 Qd2 40.
Qg4+ Kh8 41. Kg2 b3 42. Qf3 Qc3 43. Qh5 Qc4 44. Rd1 Qe2 45. Qxf7 Qxf2+ 46. Kh3
Qg2+ 47. Kg4 Qe2+ 48. Kh3 Qg2+ 49. Kg4 Qe2+ 1/2-1/2

[Event "Europa ch 2014"]
[Site "Yerevan ARM"]
[Date "2014.03.08"]
[Round "6.85"]
[White "Stupak, Kirill"]
[Black "Deac, Bogdan-Daniel"]
[Result "1-0"]
[WhiteElo "2498"]
[BlackElo "2322"]
[PlyCount "73"]
[EventDate "2014.03.03"]
[EventType "swiss"]
[EventRounds "11"]
[EventCountry "ARM"]
[Source "lmi"]
[SourceDate "2014.03.02"]

1. g3 Nf6 2. Bg2 d5 3. Nf3 g6 4. c4 Bg7 5. cxd5 Nxd5 6. d4 O-O 7. O-O Nc6 8.
Nc3 Nb6 9. e3 Re8 10. d5 Nb4 11. e4 Na6 12. Be3 e6 13. Bg5 Qd7 14. dxe6 Qxe6
15. Re1 h6 16. Be3 Qe7 17. Nd5 Qd8 18. Qc1 Nxd5 19. exd5 Qxd5 20. Bxh6 Rxe1+
21. Nxe1 Qd4 22. Bxg7 Kxg7 23. Nf3 Qf6 24. Ng5 c6 25. h4 Bf5 26. Qe3 Qxb2 27.
Re1 Rd8 28. Nxf7 Rd7 29. Ne5 Re7 30. Re2 Qa1+ 31. Kh2 Nc7 32. h5 Ne8 33. Bf3
Nf6 34. Qf4 c5 35. g4 Be4 36. h6+ Kh7 37. Qxf6 1-0

[Event "Europa ch 2014"]
[Site "Yerevan ARM"]
[Date "2014.03.08"]
[Round "6.86"]
[White "Poghosyan, Suren"]
[Black "Hayrapetyan, Hovik"]
[Result "1/2-1/2"]
[WhiteElo "2257"]
[BlackElo "2458"]
[PlyCount "95"]
[EventDate "2014.03.03"]
[EventType "swiss"]
[EventRounds "11"]
[EventCountry "ARM"]
[Source "lmi"]
[SourceDate "2014.03.02"]

1. d4 g6 2. e4 Bg7 3. Nc3 c6 4. Nf3 d5 5. h3 dxe4 6. Nxe4 Nd7 7. Bc4 Ngf6 8.
Nxf6+ Nxf6 9. O-O O-O 10. Re1 b6 11. Qe2 e6 12. Bf4 Bb7 13. Rad1 Qe7 14. Bb3
Rad8 15. c4 Rfe8 16. Qe3 Nd7 17. Qc1 c5 18. d5 e5 19. Ba4 f6 20. Qc2 Qd6 21.
Bg3 Re7 22. Re2 Nf8 23. Nd2 Rf7 24. Rde1 a6 25. a3 Qb8 26. Bb3 Bc8 27. Ba2 g5
28. b4 Ng6 29. bxc5 bxc5 30. Ne4 Bf5 31. f3 Bxe4 32. fxe4 Rb7 33. Qc3 Bf8 34.
Bf2 Nf4 35. Rd2 Rb6 36. Qc2 Rd7 37. Rb1 Rxb1+ 38. Qxb1 Rb7 39. Qc2 Bd6 40. Kh2
h5 41. Qa4 Rb2 42. Be3 Rxd2 43. Bxd2 Qb2 44. Qe8+ Kg7 45. Qd7+ Kg6 46. Qe8+ Kg7
47. Qd7+ Kg6 48. Qe8+ 1/2-1/2

[Event "Europa ch 2014"]
[Site "Yerevan ARM"]
[Date "2014.03.08"]
[Round "6.87"]
[White "Petrosyan, Tigran S"]
[Black "Galojan, Lilit"]
[Result "1-0"]
[WhiteElo "2425"]
[BlackElo "2317"]
[PlyCount "53"]
[EventDate "2014.03.03"]
[EventType "swiss"]
[EventRounds "11"]
[EventCountry "ARM"]
[Source "lmi"]
[SourceDate "2014.03.02"]

1. Nf3 Nf6 2. c4 c5 3. Nc3 g6 4. d4 cxd4 5. Nxd4 Bg7 6. e4 d6 7. Be2 O-O 8. Be3
Nc6 9. O-O Bd7 10. Rc1 a6 11. f3 Rc8 12. Qd2 Nxd4 13. Bxd4 Be6 14. b3 Nd7 15.
Be3 Nc5 16. b4 Nd7 17. Nd5 b6 18. Rfd1 a5 19. a3 Rb8 20. Nf4 axb4 21. axb4 Kh8
22. Nxe6 fxe6 23. f4 e5 24. f5 Qe8 25. Rf1 Nf6 26. Bf3 b5 27. c5 1-0

[Event "Europa ch 2014"]
[Site "Yerevan ARM"]
[Date "2014.03.08"]
[Round "6.88"]
[White "Oganisian, Roman"]
[Black "Tari, Aryan"]
[Result "1-0"]
[WhiteElo "2243"]
[BlackElo "2424"]
[PlyCount "111"]
[EventDate "2014.03.03"]
[EventType "swiss"]
[EventRounds "11"]
[EventCountry "ARM"]
[Source "lmi"]
[SourceDate "2014.03.02"]

1. e4 c5 2. Ne2 d6 3. d4 cxd4 4. Nxd4 Nf6 5. Nc3 a6 6. Be3 e5 7. Nb3 Be6 8. Qd2
Nbd7 9. g3 b5 10. Bg2 Ng4 11. Nd5 Bxd5 12. exd5 Nxe3 13. Qxe3 Be7 14. O-O O-O
15. a4 b4 16. a5 Bg5 17. Qe4 Rb8 18. Qe2 Qc8 19. Be4 Nf6 20. f3 Qb7 21. Rad1
Nxe4 22. fxe4 Rfc8 23. h4 Bh6 24. Rde1 Rc7 25. Rf2 Rbc8 26. Qd3 Rc4 27. Ree2
Qd7 28. Qf3 R8c7 29. Qg2 Qa4 30. Rf1 Qa2 31. Qf2 Qxb2 32. Qb6 g6 33. Qxd6 Bf8
34. Qd8 Rc3 35. Kh1 Rc8 36. Qf6 R3c7 37. h5 Bg7 38. Qxa6 Qc3 39. Kg2 gxh5 40.
Rf3 Qc4 41. Qxc4 Rxc4 42. d6 Bf8 43. d7 Rd8 44. Rd3 f6 45. Rd5 Rc6 46. Kf1 Kf7
47. Red2 Ke6 48. Ke1 Rc7 49. a6 Ra7 50. Na5 b3 51. Nc6 Rdxd7 52. Rxd7 Rxd7 53.
cxb3 Rc7 54. a7 Rc8 55. Rd8 Bb4+ 56. Ke2 1-0

[Event "Europa ch 2014"]
[Site "Yerevan ARM"]
[Date "2014.03.08"]
[Round "6.89"]
[White "Goryachkina, Aleksandra"]
[Black "Chudinovskikh, Alexander M"]
[Result "1/2-1/2"]
[WhiteElo "2424"]
[BlackElo "2280"]
[PlyCount "167"]
[EventDate "2014.03.03"]
[EventType "swiss"]
[EventRounds "11"]
[EventCountry "ARM"]
[Source "lmi"]
[SourceDate "2014.03.02"]

1. d4 Nf6 2. c4 e6 3. Nf3 d5 4. Nc3 Be7 5. Bf4 O-O 6. e3 Nbd7 7. Be2 dxc4 8.
Bxc4 a6 9. a4 c5 10. O-O cxd4 11. exd4 Nb6 12. Bb3 Nbd5 13. Bg5 b6 14. Nxd5
Nxd5 15. Bxd5 exd5 16. Bxe7 Qxe7 17. Re1 Be6 18. Qd2 Rac8 19. Ne5 Rc7 20. a5
Rb8 21. Nd3 Rc4 22. Ne5 Rc7 23. axb6 Rxb6 24. Nd3 Rc4 25. Nc5 Qf6 26. Ra4 h6
27. b3 Rxa4 28. bxa4 a5 29. Qxa5 Rb2 30. Nd3 Rc2 31. Qb4 Bf5 32. Ne5 Be4 33.
Qb8+ Kh7 34. Ng4 Qxd4 35. Qf4 Qd2 36. Qxd2 Rxd2 37. f3 Bd3 38. Ne5 Ba6 39. Nxf7
d4 40. Nd6 d3 41. Ne4 Ra2 42. Rd1 Rxa4 43. Nc5 Ra2 44. Nxa6 Rxa6 45. Rxd3 Ra2
46. Kf1 h5 47. Re3 Kg6 48. Re2 Ra1+ 49. Kf2 h4 50. Re4 Ra2+ 51. Re2 Ra1 52. g3
hxg3+ 53. hxg3 Kf6 54. Rd2 Ra3 55. Ke2 Ke5 56. Rd3 Ra2+ 57. Ke3 g5 58. Rb3 Rg2
59. Rb5+ Kf6 60. Rb6+ Kg7 61. g4 Ra2 62. Rd6 Ra4 63. Rd4 Ra3+ 64. Ke4 Kf6 65.
Rd6+ Kf7 66. Rd3 Ra4+ 67. Rd4 Ra3 68. Rc4 Rb3 69. Rc5 Kg6 70. Rc6+ Kf7 71. Rd6
Ra3 72. Rd5 Kf6 73. Rd3 Ra4+ 74. Rd4 Ra3 75. Rb4 Kf7 76. Kf5 Ra5+ 77. Ke4 Ra3
78. Rd4 Kf6 79. Rd8 Ra4+ 80. Rd4 Ra3 81. f4 gxf4 82. Kxf4 Ra6 83. g5+ Kg6 84.
Kg4 1/2-1/2

[Event "Europa ch 2014"]
[Site "Yerevan ARM"]
[Date "2014.03.08"]
[Round "6.90"]
[White "Harutyunian, Tigran K"]
[Black "Sibashvili, Giorgi"]
[Result "1-0"]
[WhiteElo "2422"]
[BlackElo "2239"]
[PlyCount "181"]
[EventDate "2014.03.03"]
[EventType "swiss"]
[EventRounds "11"]
[EventCountry "ARM"]
[Source "lmi"]
[SourceDate "2014.03.02"]

1. Nf3 c5 2. c4 Nf6 3. Nc3 Nc6 4. d4 cxd4 5. Nxd4 g6 6. e4 Bg7 7. Be3 Ng4 8.
Qxg4 Nxd4 9. Qd1 Ne6 10. Rc1 b6 11. Be2 Bb7 12. f3 O-O 13. O-O d6 14. Qd2 f5
15. exf5 Rxf5 16. Rfe1 Qf8 17. Bd3 Re5 18. Be4 Bxe4 19. Nxe4 Kh8 20. Kh1 Qf7
21. f4 Rf5 22. Ng3 Ra5 23. b3 Rf8 24. Rf1 Qe8 25. Rf3 Qd7 26. Rcf1 Bf6 27. f5
gxf5 28. Nxf5 Re5 29. Bh6 Rf7 30. g4 Qc6 31. Qg2 Bg5 32. h4 Bxh6 33. Nxh6 Rxf3
34. Rxf3 Re1+ 35. Kh2 Qe4 36. Nf7+ Kg7 37. Rf2 h6 38. Qxe4 Rxe4 39. Kg3 Re3+
40. Kg2 a6 41. Kh2 b5 42. cxb5 axb5 43. Kg2 b4 44. Kh2 d5 45. Rf5 d4 46. Ne5 d3
47. Nc4 Re2+ 48. Kg3 Rxa2 49. Rd5 Rc2 50. Rxd3 Rc3 51. Re3 Nd4 52. Kf4 Kf8 53.
Nd2 Kf7 54. Ke4 Rxe3+ 55. Kxe3 e5 56. Kd3 Ke6 57. Kc4 Nc2 58. Ne4 Ne3+ 59. Kxb4
Nxg4 60. Kc5 Kf5 61. Nc3 Nf2 62. Kc4 Ne4 63. b4 Nd2+ 64. Kd5 Kf4 65. b5 Nb3 66.
b6 Na5 67. Ne4 Kg4 68. Nc5 e4 69. Nxe4 Kxh4 70. Nd2 h5 71. Nc4 Nb7 72. Kc6 Nd8+
73. Kc7 Ne6+ 74. Kd6 Nd8 75. Kd7 Nb7 76. Kc7 Nc5 77. Kc6 Ne6 78. Ne5 Nd8+ 79.
Kc7 Ne6+ 80. Kc8 Nc5 81. Nd3 Nxd3 82. b7 Nf4 83. b8=Q Kg4 84. Kd7 h4 85. Qg8+
Kf3 86. Kd6 h3 87. Qg1 Ng2 88. Qh2 Kg4 89. Ke5 Nh4 90. Qf4+ Kh5 91. Kf6 1-0

[Event "Europa ch 2014"]
[Site "Yerevan ARM"]
[Date "2014.03.08"]
[Round "6.91"]
[White "Gharagyozyan, Artur"]
[Black "Berchtenbreiter, Maximilian"]
[Result "0-1"]
[WhiteElo "2216"]
[BlackElo "2421"]
[PlyCount "82"]
[EventDate "2014.03.03"]
[EventType "swiss"]
[EventRounds "11"]
[EventCountry "ARM"]
[Source "lmi"]
[SourceDate "2014.03.02"]

1. e4 e6 2. d4 d5 3. Nd2 Nf6 4. Bd3 c5 5. dxc5 Bxc5 6. Qe2 Nc6 7. Ngf3 Nb4 8.
e5 Nd7 9. O-O Nxd3 10. cxd3 a5 11. Nb3 b6 12. Bg5 Qc7 13. Rac1 Ba6 14. Be3 Rc8
15. Qd2 Qb8 16. Nxc5 bxc5 17. Rfe1 d4 18. Bf4 h6 19. Qxa5 Bxd3 20. b4 g5 21.
Bg3 g4 22. Nd2 c4 23. Ne4 Bxe4 24. Rxe4 Qb7 25. Rxd4 Ra8 26. Rxd7 Kxd7 27. Rd1+
Ke8 28. Qc5 Rc8 29. Bh4 f5 30. Qd6 Kf7 31. Bf6 Rhg8 32. Qd2 Kg6 33. Qc3 Rc7 34.
Rd6 Rd7 35. h3 Rxd6 36. exd6 gxh3 37. f3 Qa7+ 38. Bd4 Qxa2 39. Bf2 h2+ 40. Kxh2
Qxf2 41. Qxc4 Kh5 0-1